<?xml version="1.0" encoding="UTF-8"?>
<collection xmlns="http://www.loc.gov/MARC21/slim">
    <record>
        <controlfield tag="001">30572</controlfield>
        <controlfield tag="005">20170518102201.0</controlfield>
        <datafield tag="037" ind1=" " ind2=" ">
            <subfield code="a">NORMAS-2014-078</subfield>
        </datafield>
        <datafield tag="245" ind1=" " ind2=" ">
            <subfield code="a">Reglamento para la creación y funcionamiento de las cátedras institucionales y de empresa de la Universidad de Zaragoza</subfield>
        </datafield>
        <datafield tag="260" ind1=" " ind2=" ">
            <subfield code="a">Zaragoza</subfield>
            <subfield code="b">Consejo de Gobierno de la Universidad de Zaragoza</subfield>
            <subfield code="c">2009-02-11</subfield>
        </datafield>
        <datafield tag="500" ind1=" " ind2=" ">
            <subfield code="a">Modificación: BOUZ 09-12 02/07/2012</subfield>
        </datafield>
        <datafield tag="650" ind1=" " ind2=" ">
            <subfield code="a">Transferencia </subfield>
        </datafield>
        <datafield tag="650" ind1=" " ind2=" ">
            <subfield code="a">Cátedras</subfield>
        </datafield>
        <datafield tag="650" ind1=" " ind2=" ">
            <subfield code="a">Institucionales</subfield>
        </datafield>
        <datafield tag="650" ind1=" " ind2=" ">
            <subfield code="a">Empresa </subfield>
        </datafield>
        <datafield tag="653" ind1="1" ind2=" ">
            <subfield code="a">Investigación y transferencia</subfield>
        </datafield>
        <datafield tag="653" ind1="1" ind2=" ">
            <subfield code="a">Transferencia</subfield>
        </datafield>
        <datafield tag="700" ind1=" " ind2=" ">
            <subfield code="a">Consejo de Gobierno de la Universidad de Zaragoza</subfield>
        </datafield>
        <datafield tag="856" ind1="0" ind2=" ">
            <subfield code="f">secregen@unizar.es</subfield>
        </datafield>
        <datafield tag="856" ind1="4" ind2=" ">
            <subfield code="s">23847</subfield>
            <subfield code="u">http://zaguan.unizar.es/record/30572/files/norma_relacionesinstitucionalesCatedras_2009_original.pdf</subfield>
            <subfield code="y">Normativa</subfield>
            <subfield code="z">1</subfield>
        </datafield>
        <datafield tag="856" ind1="4" ind2=" ">
            <subfield code="s">31763</subfield>
            <subfield code="u">http://zaguan.unizar.es/record/30572/files/norma_relacionesinstitucionalesCatedras_2009_modif.pdf</subfield>
            <subfield code="y">Modificación 27/06/2012</subfield>
            <subfield code="z">2</subfield>
        </datafield>
        <datafield tag="856" ind1="4" ind2=" ">
            <subfield code="s">30530</subfield>
            <subfield code="u">http://zaguan.unizar.es/record/30572/files/modif_reglamento_catedras_2015.pdf</subfield>
            <subfield code="y">Modificación 26/10/15</subfield>
            <subfield code="z">3</subfield>
        </datafield>
        <datafield tag="856" ind1="4" ind2=" ">
            <subfield code="s">147477</subfield>
            <subfield code="u">http://zaguan.unizar.es/record/30572/files/Texto_integrado.pdf</subfield>
            <subfield code="y">Texto_integrado</subfield>
            <subfield code="z">6</subfield>
        </datafield>
        <datafield tag="856" ind1="4" ind2=" ">
            <subfield code="s">30217</subfield>
            <subfield code="u">http://zaguan.unizar.es/record/30572/files/Modificación_reglamento_mayo 2017.pdf</subfield>
            <subfield code="y">Modificación_reglamento_mayo 2017</subfield>
            <subfield code="z">5</subfield>
        </datafield>
        <datafield tag="856" ind1="4" ind2=" ">
            <subfield code="s">30508</subfield>
            <subfield code="u">http://zaguan.unizar.es/record/30572/files/Modificación_enero_2017.pdf</subfield>
            <subfield code="y">Modificación_enero_2017</subfield>
            <subfield code="z">4</subfield>
        </datafield>
        <datafield tag="920" ind1=" " ind2=" ">
            <subfield code="a">BOUZ 03-09  19/02/2009</subfield>
        </datafield>
        <datafield tag="980" ind1=" " ind2=" ">
            <subfield code="a">NORMAS</subfield>
        </datafield>
    </record>

    
</collection>